000 00714nam a2200229 i 4500
001 C2-0235554
003 PPAK
005 20210530095109.0
008 010906n io a|||| |||||||| eng d
040 _aPPAK
_beng
_cPPAK
_erda
082 0 4 _a720.49
_223
090 0 0 _a720.49
_bTRA
_dKSF
245 0 0 _aTraditional buildings of Indonesia :
_bBatak Simalungun and Batak Mandailing
264 1 _aBandong, Indonesia :
_bMinistry of Public Works ,
_c[date of publication not identified]
300 _a51 pages :
_billustrations ;
_c29 cm
336 _2rdacontent
_atext
337 _2rdamedia
_aunmediated
338 _2rdacarrier
_avolume
500 _aVolume III
650 1 0 _aBuilding
_xDesign
942 _cB
_2ddc
999 _c51537
_d51537